| 000 | 01292nam a2200349 i 4500 | ||
|---|---|---|---|
| 001 | bg | ||
| 003 | BPK | ||
| 005 | 20210521151859.0 | ||
| 008 | 040404s2003 pl f f |000 0 pol d | ||
| 020 | _a8320427703 | ||
| 040 | _cBPK | ||
| 041 | 1 |
_apol _heng |
|
| 080 | _a621.5 | ||
| 080 | _a628.8 | ||
| 080 | _a697 | ||
| 080 | _a(075.8) | ||
| 100 | 1 |
_aGutkowski, Kazimierz M. _d(1929-2004) _eAutor |
|
| 245 | 1 | 0 |
_aChłodnictwo i klimatyzacja / _cKazimierz M. Gutkowski ; z ang. przeł. Dariusz J. Butrymowicz ; [aut. rozdz. 3, p. 14.4, rozdz. 20 i załącznika jest Dariusz J. Butrymowicz]. |
| 246 | 3 | 0 |
_iTyt. oryg.: _aRefrigeration and air-conditioning |
| 260 |
_aWarszawa : _bWydawnictwa Naukowo-Techniczne, _ccop. 2003. |
||
| 300 |
_a317, [1] s. : _bil. ; _c24 cm. |
||
| 500 | _aTyt. oryg.: "Refrigeration and air-conditioning", [1999]. | ||
| 504 | _aBibliogr. Indeks. | ||
| 650 | 9 | _aChłodnictwo | |
| 658 | _aInżynieria i technika | ||
| 655 | 4 | _aPodręczniki akademickie | |
| 650 | 4 | _aKlimatyzacja | |
| 710 | 2 |
_aWydawnictwa Naukowo-Techniczne _4pbl. |
|
| 700 | 1 |
_aButrymowicz, Dariusz _eTłumaczenie |
|
| 856 |
_uhttp://koha.tu.koszalin.pl/cgi-bin/koha/opac-detail.pl?biblionumber=42714 _yKatalog online BPK |
||
| 942 |
_cKS _2UKD |
||
| 999 |
_c42714 _d42714 |
||